| 000 | 01058cam a22002894a 4500 | ||
|---|---|---|---|
| 001 | 17325828 | ||
| 003 | OSt | ||
| 005 | 20150408114218.0 | ||
| 008 | 140515s2013 enka g b 001 0 eng d | ||
| 020 | _a9780415506496 (pbk. : alk. paper) | ||
| 020 | _a9780415506502 (alk. paper) | ||
| 020 | _a9780203080023 (ebook : alk. paper) | ||
| 040 | _aMa-Un | ||
| 082 | 0 | 0 |
_222 _a421.5 _bCBP |
| 100 | 1 |
_aCollins, Beverley _945198 |
|
| 245 | 1 | 0 |
_aPractical phonetics and phonology : _ba resource book for students / _cBeverley Collins, Inger Mees. |
| 250 | _a3rd ed. | ||
| 260 |
_aLondon ; _aNew York : _bRoutledge, _c2013 |
||
| 300 |
_axxi, 329 p. : _bill. ; _c24 cm. + _e1 CD-ROM (4 3/4 in.) |
||
| 490 | 0 | _aRoutledge English language introductions | |
| 504 | _aIncludes bibliographical references and index. | ||
| 650 |
_aEnglish language _xPhonetics _918362 |
||
| 650 |
_aEnglish language _xPhonology |
||
| 700 | 1 |
_aMees, Inger M. _945199 |
|
| 942 |
_2ddc _cBOOK |
||
| 999 |
_c35103 _d269603 |
||